Fine Arts - Painting | 6 | 6 | 0 | 0 | 150 | 27 | 56.50 | 2 | 4 |
Fine Arts - Music | 2 | 8 | 0 | 0 | 110 | 51 | 75.60 | 0 | 2 |
Literature - World and Miscellaneous | 2 | 4 | 0 | 0 | 70 | 61 | 89.67 | 0 | 2 |
Literature - European | 4 | 0 | 0 | 0 | 60 | 64 | 68.00 | 0 | 0 |
Other - Other Academic and General Knowledge | 4 | 0 | 0 | 0 | 60 | 43 | 49.00 | 0 | 2 |
Fine Arts - Jazz | 2 | 2 | 0 | 0 | 50 | 68 | 93.50 | 0 | 0 |
Current Events - World | 0 | 4 | 0 | 0 | 40 | 75 | 100.50 | 0 | 0 |
Fine Arts - Sculpture | 2 | 0 | 0 | 0 | 30 | 76 | 76.00 | 0 | 0 |
Fine Arts - Architecture | 2 | 0 | 0 | 0 | 30 | 47 | 47.00 | 0 | 2 |
Fine Arts - Miscellaneous | 2 | 0 | 0 | 0 | 30 | 78 | 78.00 | 0 | 2 |
Fine Arts - Photography | 2 | 0 | 0 | 0 | 30 | 51 | 51.00 | 0 | 2 |
RMP - Philosophy | 2 | 0 | 0 | 0 | 30 | 61 | 61.00 | 0 | 2 |
Literature - American | 0 | 2 | 0 | 0 | 20 | 90 | 90.00 | 0 | 0 |
Literature - British | 0 | 2 | 0 | 0 | 20 | 93 | 93.00 | 0 | 2 |
Geography - Europe | 0 | 2 | 0 | 0 | 20 | 71 | 71.00 | 0 | 0 |
Fine Arts - Opera | 0 | 2 | 0 | 0 | 20 | 85 | 85.00 | 0 | 0 |
Fine Arts - Ballet/Dance | 0 | 2 | 0 | 0 | 20 | 95 | 95.00 | 0 | 0 |
RMP - World Mythology | 0 | 2 | 0 | 0 | 20 | 83 | 83.00 | 0 | 0 |
History - Cross, Historiography, and Miscellaneous | 0 | 0 | 0 | 0 | 0 | | 0.00 | 0 | 0 |